00661nam a2200145 a 450000100100000000500170001000800410002704000250006824500610009326001030015430000290025795201060028695201060039299900170049800003747820200930080404.0120420s20uu pn 000 0 spa d aDO-SdBNPbspacBNPHU00aManual de siembra de peces en estanques de aguas dulces. aSantiago de Veraguas, Panama :bCentro de Documentación e Información de Acuicultura,c[200?]. a[16] p. :bil. ;c22 cm. 0010507-18MOaGRbGRcOId2012-04-20iLF1l0o p37478-10r2020-06-25w2020-06-25y1ZNo se presta 0010507-18MOaPDbPDcOId2012-04-20iLF1l0o p37479-10r2020-06-25w2020-06-25y1ZNo se presta c36968d36968